| 000 | 00452nam a2200181 i 4500 | ||
|---|---|---|---|
| 001 | bg | ||
| 100 | 1 | _aSTOLARZ, Stanisław | |
| 245 | 0 |
_aWolfram i molibden / _cStanisław Stolarz, Władysław Rutkowski. |
|
| 260 |
_aWarszawa, _c1961 _aPWT. |
||
| 650 | 9 | _aWolfram | |
| 650 | 9 | _aMolibden | |
| 700 | 1 | _aRUTKOWSKI, Władysław | |
| 040 | _cBPK | ||
| 041 | _apol | ||
| 080 | _a669.24/.29 | ||
| 942 | _cKS | ||
| 008 | s pl f |000 0 pol | ||
| 999 |
_c15988 _d15988 |
||
| 856 |
_uhttp://koha.tu.koszalin.pl/cgi-bin/koha/opac-detail.pl?biblionumber=15988 _yKatalog online BPK |
||